LA ETICA ANTE LA MUERTE Y EL DERECHO A MORIR (Registro nro. 39005)
[ vista simple ]
| 000 -LEADER | |
|---|---|
| fixed length control field | 00841nam a2200229 a 4500 |
| 001 - CONTROL NUMBER | |
| control field | 39005 |
| 005 - DATE AND TIME OF LATEST TRANSACTION | |
| control field | 20180714012431.0 |
| 008 - FIXED-LENGTH DATA ELEMENTS--GENERAL INFORMATION | |
| fixed length control field | 140415s1995 sp 000 0 spa d |
| 020 ## - INTERNATIONAL STANDARD BOOK NUMBER | |
| International Standard Book Number | 8425419247 |
| 041 ## - LANGUAGE CODE | |
| Language code of text/sound track or separate title | spa |
| 082 ## - DEWEY DECIMAL CLASSIFICATION NUMBER | |
| Classification number | 179.7 |
| Item number | BAU |
| 100 1# - MAIN ENTRY--PERSONAL NAME | |
| Personal name | BAUDOUIN, JEAN-LOUIS |
| 245 13 - TITLE STATEMENT | |
| Title | LA ETICA ANTE LA MUERTE Y EL DERECHO A MORIR |
| 250 ## - EDITION STATEMENT | |
| Edition statement | 1a ed. |
| 260 ## - PUBLICATION, DISTRIBUTION, ETC. | |
| Place of publication, distribution, etc. | ESPAÑA : |
| Name of publisher, distributor, etc. | HERDER, |
| Date of publication, distribution, etc. | 1995 |
| 300 ## - PHYSICAL DESCRIPTION | |
| Extent | 134 |
| Dimensions | x 12.2 x 19.6 |
| 520 ## - SUMMARY, ETC. | |
| Summary, etc. | ESTA OBRA MUESTRA HASTA QUE EXTREMOS LA ACTUAL AMBICION CIENTIFICA HA FALSEADO LAS ACTITUDES ANTEN LA FINI TUD DE LA VIDA, PRIVANDO AL INDIVIDUO DE LA POSIBILIDAD DE ASUMIR EL SENTIDO PROFUNDO Y METAFISICO DE LA MUERTE. |
| 650 14 - SUBJECT ADDED ENTRY--TOPICAL TERM | |
| Topical term or geographic name entry element | HOMICIDIO |
| 700 1# - ADDED ENTRY--PERSONAL NAME | |
| Personal name | CHINER, DAVID |
| Relator term | tr. |
| 740 ## - ADDED ENTRY--UNCONTROLLED RELATED/ANALYTICAL TITLE | |
| Uncontrolled related/analytical title | ETHIQUE DE LA MORT ET DROIT A LA MORT |
| 700 1# - ADDED ENTRY--PERSONAL NAME | |
| Personal name | BLONDEAU, DANIELLE |
| Relator term | coaut. |
| Withdrawn status | Lost status | Source of classification or shelving scheme | Damaged status | Not for loan | Collection code | Home library | Current library | Shelving location | Date acquired | Source of acquisition | Inventory number | Total Checkouts | Full call number | Barcode | Date last seen | Date last checked out | Price effective from | Koha item type |
|---|---|---|---|---|---|---|---|---|---|---|---|---|---|---|---|---|---|---|
| Dewey Decimal Classification | General | Biblioteca Karol Wojtyla | Biblioteca Karol Wojtyla | Sala general | 03/12/2013 | Compra | 151000000000000000062754 | 1 | 179.7 BAU | 58667 | 21/10/2019 | 11/10/2019 | 03/12/2013 | Libro |